LDR 00689naa#a2200193#i#450# 001 EN\INFRA-M\bibl\113771 005 20260419045912.7 011 ## _a2712-9640 100 ## _a20260325b2026####ek#y0engy0150####ca 102 ## _aRU 200 1# _aSpace debris effect on solar radiation propagation _eJournal article 210 1# _aMoscow _cINFRA-M Academic Publishing LLC. _d2026 215 ## _a3 с. 608 ## _aJournal article _2local 675 ## _aКосмическая техника. Космонавтика. Космические аппараты. 629.78 _z 700 #1 _aVeniaminov _gStanislav Sergeevich 700 #1 _aKozlov _gStanislav Ivanovich 700 #1 _aKuzmicheva _gMarina Yuryevna 856 4# _anaukaru.ru _u